| 000 | 00000nam##2200000za#4500 |
| 001 | 9.663466 |
| 003 | CaOODSP |
| 005 | 20250128101705 |
| 007 | ta |
| 008 | 150407|2002||||xxc||||| f|0| 0 fre|d |
| 020 | |a0-662-66316-0 |
| 040 | |aCaOODSP|bfre |
| 041 | |aeng |
| 041 | |afre |
| 043 | |an-cn--- |
| 086 | 1 |aSF31-60/2002 |
| 110 | 1 |aCanada. |bBureau du Commissaire aux langues officielles. |
| 245 | 13|aLe français sur Internet : |bau coeur de l'identité canadienne et de l'économie du savoir |
| 260 | |aOttawa - Ontario : |bCommissariat aux langues officielles |c2002. |
| 300 | |aTexte français, 54p. : |bfigures ; |c28 cm. |
| 504 | |aBibliographie. |
| 546 | |aBilingue |
| 563 | |aCouverture souple |
| 590 | |a02-16|b2002-04-19 |
| 691 | 07|aInternet|2gcpds |
| 691 | 07|aÉconomie du savoir|2gcpds |
| 691 | 07|aFrançais|2gcpds |
| 776 | 0#|tFrench on the Internet : |w(CaOODSP)9.695972 |
| 776 | 0#|tLe français sur Internet : |w(CaOODSP)9.640090 |
| 791 | |tFrench on the Internet : |eeng|w(CaOODSP)9.663465 |